• 首页
  • 本馆介绍
  • 公告通知
  • 最新文献
  • 馆藏检索
  • 电子资源
  • 读者导购
  • 参考咨询
  • 我的图书馆
  • 登录
  • 详细信息显示
  • 放入我的书架
  • 预约/预借图书
  • 作者相关作品
  • 分类相关作品
  • 丛书相关作品
  • 出版社相关作品

书目信息

  • 表格格式
  • 工作单格式
  • 卡片格式
题名:
办公空间设计
    
 
作者: 巴克 编著 ;董治年 译
分册:  
出版信息: 北京   中国青年出版社  2015
页数: 231页
开本: 29cm
丛书名:
单 册:
中图分类: TU243
科图分类:
主题词: 办公室--空间结构--结构设计--教材
电子资源:
ISBN: 978-7-5153-3058-7
000 01018nam0 2200253 450
001 012015000008
005 20151130144455.14
010    @a978-7-5153-3058-7@dCNY69.80
100    @a20150712d2015 em y0chiy50 ea
101 1  @achi@ceng
102    @aCN@b110000
105    @aa z 000yy
106    @ar
200 1  @a办公空间设计@Aban gong kong jian she ji@dSpace planning for commercial office interiors@f(美)玛丽露·巴克编著@g董治年[等]译@zeng
210    @a北京@c中国青年出版社@d2015
215    @a231页@c图@d29cm
330    @a本书分15个部分,主要包括空间规划概论、客户和他们的组织、发现过程、订制家具、活动与间距、房间的围合以及典型私人办公室布局、典型工作隔间布局、会议室、接待区与接待室、咖啡室及其他餐饮间等内容。
510 1  @aSpace planning for commercial office interiors@zeng
606 0  @a办公室@x空间结构@x结构设计@j教材
690    @aTU243@v5
701  1 @c(美)@a巴克@Aba ke@c(Baker, M.)@4编著
702  0 @a董治年@Adong zhi nian@4译
801  0 @aCN@b碧洲教育@c20151127
905    @a10447@f3@dTU243@e717
    
    办公空间设计=Space planning for commercial office interiors/(美)玛丽露·巴克编著/董治年[等]译.-北京:中国青年出版社,2015
    231页:图;29cm
    
    
    ISBN 978-7-5153-3058-7:CNY69.80
    本书分15个部分,主要包括空间规划概论、客户和他们的组织、发现过程、订制家具、活动与间距、房间的围合以及典型私人办公室布局、典型工作隔间布局、会议室、接待区与接待室、咖啡室及其他餐饮间等内容。
●
相关链接 在E读中查询图书 在五车中查询图书 在当当中查询图书 在豆瓣中查询图书


正题名:办公空间设计     索取号:TU243/717         预约/预借

序号 登录号 条形码 馆藏地/架位号 状态 备注
1 0871726   208717263   第二样本阅览室/ [索取号:TU243/717] 在馆    
2 0871727   208717272   第三借阅区/ [索取号:TU243/717] 在馆    
3 0871728   208717281   第三借阅区/ [索取号:TU243/717] 在馆    
唐山师范学院图书馆 欢迎您!
大连网信软件有限公司© 版权所有